[Event "2015 Standard Chess Dropout Tournament, Round 3"]
[Site "SchemingMind.com"]
[Date "2015.07.20"]
[Round "3"]
[White "Derek Price"]
[Black "kazaki"]
[Result "1-0"]
[WhiteCountry "ENG"]
[BlackCountry "POL"]
[WhiteElo "2313"]
[WhiteRD "100"]
[BlackElo "1911"]
[BlackRD "89"]
[GameID "383446"]

1. e4 c6 2. d4 d5 3. Nd2 dxe4 4. Nxe4 Bf5 5. Ng3 Bg6 6. N1e2 e6 7. Nf4 Bb4+ 8. c3 Ba5 9. Nxg6 hxg6 10. Qb3 Qc7
11. Bf4 Qb6 12. Ne4 Ke7 13. Qa3+ Kd7 14. Qf8 Qd8 15. Qxg7 Ne7 16. Qxf7 Rf8 17. Nc5+ Kc8 18. Qxe6+ Nd7 19. Bg5 Re8 20. O-O-O b6
21. Ba6+
1-0

[Event "2015 Standard Chess Dropout Tournament, Round 3"]
[Site "SchemingMind.com"]
[Date "2015.07.17"]
[Round "3"]
[White "kazaki"]
[Black "Kid A"]
[Result "0-1"]
[WhiteCountry "POL"]
[BlackCountry "FIN"]
[WhiteElo "1886"]
[WhiteRD "92"]
[BlackElo "1851"]
[BlackRD "76"]
[GameID "383447"]

1. e4 e5 2. Nf3 Nc6 3. Bc4 Nf6 4. O-O Bc5 5. Nc3 O-O 6. d3 h6 7. Re1 d6 8. h3 Na5 9. Bb3 Nxb3 10. cxb3 a5
11. Qc2 c6 12. Bd2 Be6 13. Rad1 b5 14. Be3 Bxe3 15. fxe3 Qb6 16. Kh2 a4 17. b4 Nd7 18. d4 f6 19. Nh4 Nb8 20. d5 Bd7
21. Nf5 Bxf5 22. exf5 Na6 23. dxc6 Nxb4 24. Qe4 Qc5 25. a3 Nxc6 26. Rd5 Qb6 27. Rxd6 Rfc8 28. Qd5+ Kh8 29. Qxb5 Qxb5 30. Nxb5 Rab8
31. Rc1 Rxb5 32. Rdxc6 Rxc6 33. Rxc6 Rxb2 34. Ra6 Rf2 35. e4 h5 36. Kg1 Rc2 37. Rxa4 h4 38. Rb4 Kh7 39. a4 Ra2 40. Kf1 Kh6
41. Rc4 Kg5 42. Rc7 Kf4 43. Rxg7 Kxe4 44. Rg4+ Ke3 45. Kg1 e4 46. Rg6 Ra1+ 47. Kh2 Kf2 48. Rxf6 e3 49. Re6 Rxa4 50. f6 Rf4
51. Rb6 e2 52. Re6 e1=Q 53. Rxe1 Kxe1 54. g3 Rf2+ 55. Kg1 hxg3 56. h4 Ke2 57. h5 Ke3 58. h6 Rxf6 59. Kg2 Kf4
0-1

[Event "2015 Standard Chess Dropout Tournament, Round 3"]
[Site "SchemingMind.com"]
[Date "2015.07.20"]
[Round "3"]
[White "Kid A"]
[Black "thebirdolux"]
[Result "0-1"]
[WhiteCountry "FIN"]
[BlackCountry "USA"]
[WhiteElo "1839"]
[WhiteRD "76"]
[BlackElo "2470"]
[BlackRD "102"]
[GameID "383448"]

1. e4 c5 2. Nf3 d6 3. d4 cxd4 4. Nxd4 Nf6 5. Nc3 a6 6. Bg5 e6 7. Be2 Nbd7 8. O-O Be7 9. Kh1 Nc5 10. f3 Nfxe4
11. fxe4 Bxg5 12. Bh5 g6 13. Bg4 O-O 14. b4 Nd7 15. Qd3 Ne5 16. Qh3 Nxg4 17. Qxg4 e5 18. Nf5 Kh8 19. Nd5 gxf5 20. exf5 b5
21. Rad1 Bb7 22. Rd3 Rc8 23. c3 Rc4 24. Qg3 Rg8 25. Rg1 Bf4 26. Qh3 Bxd5 27. Rxd5 Bxh2
0-1

[Event "2015 Standard Chess Dropout Tournament, Round 3"]
[Site "SchemingMind.com"]
[Date "2015.07.20"]
[Round "3"]
[White "thebirdolux"]
[Black "Adrian Grajczak"]
[Result "1-0"]
[WhiteCountry "USA"]
[BlackCountry "POL"]
[WhiteElo "2470"]
[WhiteRD "102"]
[BlackElo "2155"]
[BlackRD "82"]
[GameID "383449"]

1. e4 c5 2. Nf3 e6 3. d4 cxd4 4. Nxd4 Nc6 5. Nc3 Nf6 6. Nb3 Bb4 7. Bd3 d5 8. O-O O-O 9. exd5 exd5 10. Bg5 h6
11. Bxf6 Qxf6 12. Nxd5 Qxb2 13. c3
1-0

[Event "2015 Standard Chess Dropout Tournament, Round 3"]
[Site "SchemingMind.com"]
[Date "2015.07.16"]
[Round "3"]
[White "Adrian Grajczak"]
[Black "Joe P"]
[Result "1-0"]
[WhiteCountry "POL"]
[BlackCountry "AUS"]
[WhiteElo "2155"]
[WhiteRD "82"]
[BlackElo "1717"]
[BlackRD "97"]
[GameID "383450"]

1. e4 c5 2. Nf3 Nc6 3. d4 cxd4 4. Nxd4 e5 5. Nb5 d6 6. c4 Be7 7. N1c3 a6 8. Na3 Nf6 9. Be2 Be6 10. O-O O-O
11. h3 Rc8 12. Be3 h6 13. Rc1 Nh7 14. Nd5 Bg5 15. Bb6 Qd7 16. Rc3 f5 17. exf5 Bxf5 18. Nc2 Nf6 19. Nce3 Ne4 20. Ra3 Bh4
21. Nxf5 Rxf5 22. Bg4 Rcf8 23. Bxf5 Rxf5 24. Ne3 Bxf2+ 25. Rxf2 Nxf2 26. Qe2 Nxh3+ 27. gxh3 Rg5+ 28. Kh2 Ne7 29. Qf3 Nf5 30. Rb3 Rg3
31. Qxf5
1-0

[Event "2015 Standard Chess Dropout Tournament, Round 3"]
[Site "SchemingMind.com"]
[Date "2015.07.15"]
[Round "3"]
[White "Joe P"]
[Black "frankly"]
[Result "0-1"]
[WhiteCountry "AUS"]
[BlackCountry "ENG"]
[WhiteElo "1733"]
[WhiteRD "96"]
[BlackElo "2436"]
[BlackRD "60"]
[GameID "383451"]

1. e4 c5 2. Ne2 e5 3. Nbc3 Nf6 4. g3 Be7 5. Bg2 d6 6. O-O O-O 7. Nd5 Nxd5 8. exd5 Bg4 9. a4 f5 10. f3 Bh5
11. c4 Na6 12. d3 Nb4 13. f4 exf4 14. Bxf4 g5 15. Bc1 Bf6 16. Bf3 Bg6 17. d4 cxd4 18. Nxd4 Bxd4+ 19. Qxd4 Nc2 20. b4 Nxd4
0-1

[Event "2015 Standard Chess Dropout Tournament, Round 3"]
[Site "SchemingMind.com"]
[Date "2015.07.17"]
[Round "3"]
[White "frankly"]
[Black "simon_w"]
[Result "1-0"]
[WhiteCountry "ENG"]
[BlackCountry "IRL"]
[WhiteElo "2436"]
[WhiteRD "60"]
[BlackElo "1880"]
[BlackRD "103"]
[GameID "383452"]

1. d4 e6 2. e4 d5 3. Nc3 Nf6 4. Bg5 Bb4 5. e5 h6 6. exf6 hxg5 7. fxg7 Rg8 8. h4 gxh4 9. Qh5 Be7 10. Qh7 Kd7
11. Nf3 Bf6 12. Rxh4 Rxg7 13. Qh6 Rg6 14. Qf4 Qg8 15. Nb5 Na6 16. Bd3 Bxh4 17. Bxg6 Bxf2+ 18. Kxf2 fxg6 19. Ne5+ Ke8 20. Rh1 Bd7
21. Rh8
1-0

[Event "2015 Standard Chess Dropout Tournament, Round 3"]
[Site "SchemingMind.com"]
[Date "2015.07.17"]
[Round "3"]
[White "simon_w"]
[Black "dapuka"]
[Result "1-0"]
[WhiteCountry "IRL"]
[BlackCountry "USA"]
[WhiteElo "1807"]
[WhiteRD "102"]
[BlackElo "1651"]
[BlackRD "92"]
[GameID "383453"]

1. d4 c5 2. d5 g6 3. c4 Bg7 4. Nc3 Nf6 5. e4 d6 6. Bd3 e5 7. Bg5 Nbd7 8. Nf3 a6 9. O-O O-O 10. Ne2 Qe8
11. Qd2 Nh5 12. Ng3 Nf4 13. Bxf4 exf4 14. Ne2 Ne5 15. Nxe5 dxe5 16. f3 g5 17. b4 b6 18. bxc5 bxc5 19. Rab1 g4 20. Qa5 g3
21. hxg3 Qe7 22. gxf4 exf4 23. a4 h5 24. Kf2 Bf6 25. Ke1 Rd8 26. Nxf4 h4 27. Ne2 Kf8 28. f4 h3 29. g3 Bg4 30. e5 Bg7
31. d6 Qa7 32. Be4 Rab8 33. Rb7 Qxb7 34. Bxb7 Rd7 35. Bd5 Rb2 36. Rf2
1-0

[Event "2015 Standard Chess Dropout Tournament, Round 3"]
[Site "SchemingMind.com"]
[Date "2015.08.01"]
[Round "3"]
[White "pnwmusichound"]
[Black "daki"]
[Result "1-0"]
[WhiteCountry "USA"]
[BlackCountry "SRB"]
[WhiteElo "1859"]
[WhiteRD "95"]
[BlackElo "1947"]
[BlackRD "99"]
[GameID "383921"]

1. c4 e5 2. g3 Nf6 3. Bg2 d5 4. cxd5 Nxd5 5. Nc3 Nb6 6. Nf3 Nc6 7. a3 Be7 8. O-O O-O 9. b4 Bf6 10. Rb1 Nd4
11. e3 Nxf3+ 12. Qxf3 c6 13. Rd1 Be6 14. Ne4 Nd5 15. Bb2 Rc8 16. d4 Qd7 17. dxe5 Bg4 18. Nc5 Bxf3 19. Nxd7 Bxd1 20. Nxf8 Kxf8
21. exf6 Bh5 22. fxg7+ Kg8 23. b5 f6 24. bxc6 bxc6 25. Bxd5+ cxd5 26. Bxf6
1-0

[Event "2015 Standard Chess Dropout Tournament, Round 3"]
[Site "SchemingMind.com"]
[Date "2015.07.28"]
[Round "3"]
[White "daki"]
[Black "xarxziux"]
[Result "0-1"]
[WhiteCountry "SRB"]
[BlackCountry "IRL"]
[WhiteElo "1947"]
[WhiteRD "99"]
[BlackElo "1987"]
[BlackRD "67"]
[GameID "383922"]

1. d4 d6 2. c4 Nf6 3. Nc3 e5 4. dxe5 dxe5 5. Qxd8+ Kxd8 6. Bg5 Be6 7. Nf3 Nd7 8. Bxf6+ gxf6 9. e4 Rg8 10. O-O-O c6
11. Nh4 Kc7 12. g3 Bc5 13. Rd2 Rad8 14. Nf5 Bxf5 15. exf5 Rg5 16. Bd3 Bb4 17. h4 Bxc3 18. bxc3 Rgg8 19. Be2 Nc5 20. Rxd8 Rxd8
21. Kc2 Ne4 22. Bh5 Rd2+ 23. Kb3 Rxf2 24. Bxf7 Nxg3 25. Rg1 Nxf5 26. Be6 Kd6
0-1

[Event "2015 Standard Chess Dropout Tournament, Round 3"]
[Site "SchemingMind.com"]
[Date "2015.07.27"]
[Round "3"]
[White "xarxziux"]
[Black "2curious"]
[Result "0-1"]
[WhiteCountry "IRL"]
[BlackCountry "USA"]
[WhiteElo "1955"]
[WhiteRD "66"]
[BlackElo "2078"]
[BlackRD "115"]
[GameID "383923"]

1. Nf3 d5 2. g3 Nf6 3. Bg2 c6 4. O-O Bg4 5. d4 Nbd7 6. Nbd2 e6 7. Re1 Be7 8. e4 dxe4 9. Nxe4 Nxe4 10. Rxe4 Nf6
11. Re1 h6 12. c3 O-O 13. Qb3 Qb6 14. Ne5 Qxb3 15. axb3 Bf5 16. b4 a6 17. Bd2 Bd6 18. Nc4 Bc7 19. Na5 Rab8 20. Nb3 Rfd8
21. Nc5 Nd7 22. h3 Kf8 23. f4 Nxc5 24. bxc5 h5 25. b4 g6 26. Kh2 Bd3 27. Be4 Bxe4 28. Rxe4 Rd7 29. Kg2 Kg7 30. g4 hxg4
31. hxg4 Rh8 32. Ree1 g5 33. Rh1 gxf4 34. Rxh8 Kxh8 35. Kf3 e5 36. Re1 f6 37. Ke4 Kg7 38. Kf5 Rd5 39. Ke6 Kg6 40. Rh1 exd4
41. cxd4 Rxd4 42. Bc3 Rd3 43. Bxf6 Re3+ 44. Kd7 Kxf6 45. Kxc7 Re7+ 46. Kd6 Re4 47. Rh5 Rd4+ 48. Kc7 Rxb4 49. Rf5+ Kg6
0-1

[Event "2015 Standard Chess Dropout Tournament, Round 4"]
[Site "SchemingMind.com"]
[Date "2015.12.10"]
[Round "4"]
[White "2curious"]
[Black "Dan Geana"]
[Result "0-1"]
[WhiteCountry "USA"]
[BlackCountry "ROU"]
[WhiteElo "2121"]
[WhiteRD "108"]
[BlackElo "2531"]
[BlackRD "113"]
[GameID "391675"]

1. e4 e5 2. Nf3 Nc6 3. Bc4 Bc5 4. b4 Bxb4 5. c3 Be7 6. d4 Na5 7. Be2 exd4 8. Qxd4 Nf6 9. e5 Nc6 10. Qh4 Nd5
11. Qg3 g6 12. O-O O-O 13. Rd1 Nb6 14. c4 Na4 15. Bd2 d6 16. Nc3 Nc5 17. Be3 Nd7 18. Bh6 Re8 19. exd6 Bxd6 20. Bf4 Bxf4
21. Qxf4 Qf6 22. Qd2 Qd6 23. Nb5 Qxd2 24. Rxd2 Re7 25. Nxc7 Rb8 26. Rad1 a6 27. Nd5 Re8 28. Nc7 Re7 29. Ne1 Nc5 30. Nd5 Re6
31. Bg4 f5 32. Bf3 Kg7 33. Nf4 Re7 34. Bd5 Bd7 35. Nf3 Rbe8 36. g3 Ne5 37. Nxe5 Rxe5 38. Bxb7 Ba4 39. Bf3 Bxd1 40. Rxd1 Re1+
0-1

[Event "2015 Standard Chess Dropout Tournament, Round 4"]
[Site "SchemingMind.com"]
[Date "2015.12.10"]
[Round "4"]
[White "Brian_Jones"]
[Black "2curious"]
[Result "1-0"]
[WhiteCountry "AUS"]
[BlackCountry "USA"]
[WhiteElo "2406"]
[WhiteRD "121"]
[BlackElo "2103"]
[BlackRD "105"]
[GameID "391676"]

1. d4 Nf6 2. c4 g6 3. Nc3 d5 4. Nf3 Bg7 5. Qb3 dxc4 6. Qxc4 O-O 7. e4 Bg4 8. Be3 Nfd7 9. O-O-O Nb6 10. Qd3 Nc6
11. h3 Bxf3 12. gxf3 e6 13. h4 Qe7 14. e5 Nb4 15. Qe2 Qd7 16. h5 N6d5 17. Qd2 Nxc3 18. bxc3 Nd5 19. Bc4 Nxe3 20. fxe3 b5
21. Bd3 c5 22. hxg6 hxg6 23. Qh2 Rfd8 24. Bxg6 fxg6 25. Rdg1 cxd4 26. Rxg6 Kf8 27. exd4 Rac8 28. Kb1 Rxc3 29. Qh4 Qe7 30. Qxe7+ Kxe7
31. Rxg7+ Kf8 32. Rxa7 Kg8 33. Rg1+ Kh8 34. Rg4
1-0

[Event "2015 Standard Chess Dropout Tournament, Round 4"]
[Site "SchemingMind.com"]
[Date "2015.12.12"]
[Round "4"]
[White "Robert Bruce"]
[Black "Lambik"]
[Result "1/2-1/2"]
[WhiteCountry "SCO"]
[BlackCountry "BEL"]
[WhiteElo "2221"]
[WhiteRD "63"]
[BlackElo "2395"]
[BlackRD "86"]
[GameID "391677"]

1. c4 Nf6 2. g3 e5 3. Bg2 Bc5 4. Nc3 Nc6 5. e3 O-O 6. Nge2 Re8 7. O-O d6 8. a3 a5 9. d3 Bg4 10. Qc2 Qd7
11. Bd2 Bh3 12. Nd5 Nxd5 13. cxd5 Bxg2 14. Kxg2 Ne7 15. b4 Bb6 16. Qc4 c6 17. dxc6 bxc6 18. bxa5 Bxa5 19. Bxa5 Rxa5 20. Rfb1 Rea8
21. a4 d5 22. Qc3 f6 23. Rb8+ Rxb8 24. Qxa5 Rb2 25. Qc3 Rxe2 26. Kf3 Rxe3+ 27. fxe3 Qh3 28. Qe1 Qxh2 29. e4 Qc2 30. Qe2 Qc3
31. Rb1 Kf7 32. Kg2 g6 33. g4 Qa5 34. Qc2 h6 35. Rh1 Kg7 36. Rc1 Qa6 37. Re1 Qc8 38. Kg3 Qa6 39. Kh2 Qa5 40. Rb1 Qa7
41. Rf1 Qa6 42. Kg2 g5 43. Rb1 dxe4 44. dxe4 Ng6 45. Kg1 Nf4 46. Qc5 Kg6=
1/2-1/2

[Event "2015 Standard Chess Dropout Tournament, Round 4"]
[Site "SchemingMind.com"]
[Date "2015.12.08"]
[Round "4"]
[White "chesshub"]
[Black "thebirdolux"]
[Result "1/2-1/2"]
[WhiteCountry "FRA"]
[BlackCountry "USA"]
[WhiteElo "2519"]
[WhiteRD "74"]
[BlackElo "2493"]
[BlackRD "80"]
[GameID "391678"]

1. e4 c5 2. Nf3 Nc6 3. Nc3 d6 4. d4 cxd4 5. Nxd4 e5 6. Ndb5 a6 7. Na3 Be7 8. Nc4 b5 9. Ne3 Nf6 10. g3 h5
11. Bg2 h4 12. O-O Rb8 13. Ncd5 Nxd5 14. Nxd5 Be6 15. Be3 Qd7 16. a4 bxa4 17. Rxa4 a5 18. b3 Bd8 19. Re1 hxg3 20. hxg3 Kf8
21. Qd3 g6 22. Bf3 Kg7 23. Rd1 Qc8 24. Qc4 Bg4 25. Qe2 Bxf3 26. Qxf3 Nb4 27. Nxb4 Rxb4 28. Rxb4 axb4 29. Rxd6 Be7 30. Rd1 Qxc2
31. Rc1 Qa2 32. Rc7 Qa6 33. Rd7 Qe6 34. Rb7 g5 35. Qd1 Qc6 36. Rxe7 Qxe4 37. Rxf7+ Kxf7 38. Qd7+ Kf6 39. Qd6+ Kf5 40. Qd7+ Kg6
41. Qe6+ Kg7 42. Qe7+ Kg8 43. Qe8+=
1/2-1/2

[Event "2015 Standard Chess Dropout Tournament, Round 4"]
[Site "SchemingMind.com"]
[Date "2015.12.13"]
[Round "4"]
[White "Derek Price"]
[Black "frankly"]
[Result "0-1"]
[WhiteCountry "ENG"]
[BlackCountry "ENG"]
[WhiteElo "2399"]
[WhiteRD "100"]
[BlackElo "2443"]
[BlackRD "54"]
[GameID "391679"]

1. e4 c5 2. Nf3 Nc6 3. d4 cxd4 4. Nxd4 Nf6 5. Nc3 e5 6. Ndb5 d6 7. Bg5 a6 8. Na3 b5 9. Bxf6 gxf6 10. Nd5 Bg7
11. Bd3 Ne7 12. Nxe7 Qxe7 13. O-O O-O 14. c4 f5 15. Qf3 d5 16. cxd5 fxe4 17. Bxe4 Rb8 18. Rfd1 Qh4 19. g3 Qg5 20. Qb3 Bg4
21. Rdc1 f5 22. Bg2 e4 23. Rc2 Rbd8 24. Rac1 Be2 25. h4 Qg4 26. Rc7 f4 27. Bxe4 Rd6 28. Nc2 Bc4 29. Qa3 Be5 30. Bf3 Qh3
31. Bg2 fxg3 32. Qxg3+ Bxg3 33. Bxh3 Bxf2+ 34. Kh2 Bxd5 35. Nb4 Be4 36. Rc8 Be3 37. Rxf8+ Kxf8 38. Rf1+ Kg7 39. a3 a5 40. Na2 Ba7
41. Nc3 Rd2+ 42. Kg3 Bb8+ 43. Kg4 Bc6 44. Rg1 Bh2 45. Rd1 Rxb2
0-1

[Event "2015 Standard Chess Dropout Tournament, Round 4"]
[Site "SchemingMind.com"]
[Date "2015.12.13"]
[Round "4"]
[White "frankly"]
[Black "kibic"]
[Result "1/2-1/2"]
[WhiteCountry "ENG"]
[BlackCountry "INT"]
[WhiteElo "2449"]
[WhiteRD "55"]
[BlackElo "2486"]
[BlackRD "85"]
[GameID "391680"]

1. d4 d5 2. Nf3 e6 3. c4 Nf6 4. Nc3 c6 5. Bg5 h6 6. Bh4 g5 7. Bg3 dxc4 8. a4 Bb4 9. e3 b5 10. Be2 Nbd7
11. Ne5 Bb7 12. O-O Bxc3 13. bxc3 Ne4 14. Bh5 O-O 15. Qc2 f5 16. Nxd7 Qxd7 17. Be5 a6 18. Qb2 Qe7 19. Be2 Nf6 20. Rfb1 Rf7
21. h3 Raf8 22. Qc2 h5 23. Ra2 g4 24. h4 c5 25. Qc1 Bc6 26. axb5 axb5 27. Ra6 Bxg2 28. Rxb5 Bd5 29. Bd6 Qd7 30. Qb2 Rc8
31. Rxc5 Ne4 32. Rxc8+ Qxc8 33. Rb6 Rb7 34. Rxb7=
1/2-1/2

[Event "2015 Standard Chess Dropout Tournament, Round 4"]
[Site "SchemingMind.com"]
[Date "2015.12.09"]
[Round "4"]
[White "gabeeg"]
[Black "Selwyn"]
[Result "0-1"]
[WhiteCountry "USA"]
[BlackCountry "AUS"]
[WhiteElo "2238"]
[WhiteRD "102"]
[BlackElo "2578"]
[BlackRD "93"]
[GameID "391681"]

1. c4 Nf6 2. Nf3 c5 3. Nc3 Nc6 4. d4 cxd4 5. Nxd4 e6 6. g3 Qb6 7. Ndb5 Ne5 8. Bf4 Nfg4 9. e3 a6 10. Qa4 Ra7
11. h3 axb5 12. Qxb5 Qc6 13. Qxc6 Nxc6 14. Nb5 Nf6 15. Nxa7 Nxa7 16. Rd1 b5 17. f3 b4 18. g4 Nc6 19. b3 Bc5 20. Kf2 e5
21. Bg3 d6 22. Bg2 Kd7 23. h4 Kc7 24. Bh3 h6 25. Rd2 Re8 26. g5 Nh5 27. Bxc8 Rxc8 28. Re1 hxg5 29. hxg5 Ne7 30. Bh2 Nf5
31. Rd5 Kc6 32. Bg1 Ra8 33. Re2 Bxe3+ 34. Rxe3 Rxa2+ 35. Re2 Rxe2+ 36. Kxe2 Nf4+
0-1

[Event "2015 Standard Chess Dropout Tournament, Round 4"]
[Site "SchemingMind.com"]
[Date "2015.12.11"]
[Round "4"]
[White "kibic"]
[Black "Robert Bruce"]
[Result "1-0"]
[WhiteCountry "INT"]
[BlackCountry "SCO"]
[WhiteElo "2429"]
[WhiteRD "94"]
[BlackElo "2207"]
[BlackRD "66"]
[GameID "391683"]

1. e4 c6 2. d4 d5 3. e5 Bf5 4. Nf3 e6 5. Be2 c5 6. Be3 cxd4 7. Nxd4 Ne7 8. Nd2 Nbc6 9. N2f3 Be4 10. O-O Ng6
11. Bb5 Bxf3 12. Qxf3 Qd7 13. c4 Ngxe5 14. Qg3 Nxc4 15. Nxc6 Nd6 16. Nxa7 Nxb5 17. Nxb5 Qxb5 18. Rac1 Qxb2 19. Rb1 Qf6 20. Bg5 Bd6
21. Qxd6 Qxg5 22. Rxb7 Qd8 23. Qb4 Rc8 24. a4 g6 25. Qa3 d4 26. a5 Rc7 27. Rfb1 d3 28. Rb8 Rc8 29. Rxc8 Qxc8 30. a6 Qc2
31. Rb8+ Kd7 32. Rb7+ Kc8 33. h3 Rd8 34. Qb4 Qc1+ 35. Kh2 Qc6 36. Rb8+ Kc7 37. a7 Re8 38. Qa5+ Kd6 39. Qa3+ Kc7 40. Rxe8
1-0

[Event "2015 Standard Chess Dropout Tournament, Round 4"]
[Site "SchemingMind.com"]
[Date "2015.12.08"]
[Round "4"]
[White "Lambik"]
[Black "Derek Price"]
[Result "1-0"]
[WhiteCountry "BEL"]
[BlackCountry "ENG"]
[WhiteElo "2431"]
[WhiteRD "84"]
[BlackElo "2414"]
[BlackRD "98"]
[GameID "391684"]

1. e4 c5 2. Nf3 d6 3. d4 cxd4 4. Nxd4 Nf6 5. Nc3 a6 6. Bg5 e6 7. f4 Be7 8. Qf3 h6 9. Bh4 Qc7 10. O-O-O Nbd7
11. Qg3 g5 12. fxg5 Nh5 13. Qe3 Qc5 14. Kb1 hxg5 15. Bf2 Ne5 16. Qd2 Qc7 17. Nf3 Nxf3 18. gxf3 Bd7 19. Rg1 O-O-O 20. Bd4 f6
21. h4 gxh4 22. Qf2 Qc6 23. Bb6 Rdg8 24. Rxg8+ Rxg8 25. Rd4 Qxb6 26. Rc4+ Qc5 27. Rxc5+ dxc5 28. Qxh4 Rg1 29. Qf2 Rh1 30. a4 Bd6
31. Ka2 Rh2 32. Qg1 Rxc2 33. Qg8+ Kc7 34. Qf7 Nf4 35. Qxf6 e5 36. Qg7 Kc8 37. Qg8+ Kc7 38. Qf7 Kc8 39. Bc4 Rd2 40. Nd5 Nxd5
41. Bxd5 b5 42. Qf6 Kc7 43. Qg7 c4 44. Be6 Bb4 45. Bxd7 Rxd7 46. Qxe5+ Kb6 47. axb5 axb5 48. Qb8+ Rb7 49. Qd8+ Rc7 50. f4 Be7
51. Qb8+ Rb7 52. Qe5 Ra7+ 53. Kb1 Bc5 54. Qe6+ Ka5 55. Qc6 Kb4 56. f5 Rg7 57. f6 Rg3 58. f7 Rf3 59. Qd5 c3 60. bxc3+ Rxc3
61. e5 Be7 62. Kb2 Rc4 63. Qa8
1-0

[Event "2015 Standard Chess Dropout Tournament, Round 4"]
[Site "SchemingMind.com"]
[Date "2015.12.11"]
[Round "4"]
[White "John Elburg"]
[Black "Jari Laine"]
[Result "1-0"]
[WhiteCountry "NED"]
[BlackCountry "FIN"]
[WhiteElo "2518"]
[WhiteRD "98"]
[BlackElo "2209"]
[BlackRD "91"]
[GameID "391685"]

1. e4 e6 2. d4 d5 3. Nc3 dxe4 4. Nxe4 Nd7 5. Nf3 Ngf6 6. Nxf6+ Nxf6 7. c3 c5 8. Ne5 a6 9. Be3 Qc7 10. Qa4+ Nd7
11. Bb5 cxd4 12. Bxd7+ Bxd7 13. Qxd4 f6 14. Qxd7+ Qxd7 15. Nxd7 Kxd7 16. O-O-O+ Kc7 17. a4 a5 18. Rd4 Ra6 19. Rhd1 Rd6 20. Rc4+ Rc6
21. Rxc6+ bxc6 22. Kc2 Be7 23. Rd2 Rb8 24. Kd3 Rd8+ 25. Kc4 Rd5 26. b4 axb4 27. cxb4 Kb7 28. Rd4 h6 29. h3 f5 30. Bd2 Bd8
31. Rd3 Bb6 32. Be3 Bc7 33. Bc5 Rxd3 34. Kxd3 h5 35. Kc4 Ka6 36. a5 Bb8 37. f3 g6 38. Be7 Ba7 39. Bf6 Be3 40. Bd4 Bf4
41. Kc5 e5 42. Bf2
1-0

[Event "2015 Standard Chess Dropout Tournament, Round 4"]
[Site "SchemingMind.com"]
[Date "2015.12.13"]
[Round "4"]
[White "Dan Geana"]
[Black "pnwmusichound"]
[Result "1-0"]
[WhiteCountry "ROU"]
[BlackCountry "USA"]
[WhiteElo "2523"]
[WhiteRD "111"]
[BlackElo "1953"]
[BlackRD "85"]
[GameID "391686"]

1. e4 e5 2. Nf3 Nf6 3. d4 d6 4. dxe5 Nxe4 5. Qd5 Nc5 6. Bg5 Be7 7. exd6 cxd6 8. Nc3 O-O 9. O-O-O Nc6 10. Bxe7 Qxe7
11. Qxd6 Qxd6 12. Rxd6 Be6 13. Bb5 Nb4 14. a3 a6 15. axb4 axb5 16. bxc5 b4 17. Nd1 Rfc8 18. Nd4 Rxc5 19. Ne3 h6 20. Kd2 Ra2
21. Nxe6 fxe6 22. b3 e5 23. Rb6
1-0

[Event "2015 Standard Chess Dropout Tournament, Round 4"]
[Site "SchemingMind.com"]
[Date "2015.12.13"]
[Round "4"]
[White "pnwmusichound"]
[Black "Brian_Jones"]
[Result "0-1"]
[WhiteCountry "USA"]
[BlackCountry "AUS"]
[WhiteElo "1953"]
[WhiteRD "85"]
[BlackElo "2433"]
[BlackRD "119"]
[GameID "391688"]

1. e4 c5 2. b3 g6 3. Bb2 Nf6 4. Nf3 Bg7 5. c4 O-O 6. d4 Nxe4 7. Qc2 Qa5+ 8. Nbd2 Nxd2 9. Nxd2 cxd4 10. Bd3 Na6
11. a3 Qe5+ 12. Ne4 f5 13. O-O fxe4 14. Rfe1 Nc5 15. Bxe4 Nxe4 16. Rxe4 Qf5 17. g4 Qf3 18. Bxd4 d5 19. cxd5 Bxd4 20. Rxd4 Bxg4
21. Rxg4 Qxg4+ 22. Kf1 Rac8 23. Qd2 Qf3
0-1

[Event "2015 Standard Chess Dropout Tournament, Round 4"]
[Site "SchemingMind.com"]
[Date "2015.12.13"]
[Round "4"]
[White "saxon"]
[Black "gabeeg"]
[Result "1-0"]
[WhiteCountry "GER"]
[BlackCountry "USA"]
[WhiteElo "2588"]
[WhiteRD "101"]
[BlackElo "2244"]
[BlackRD "105"]
[GameID "391689"]

1. e4 c5 2. Nf3 d6 3. d4 cxd4 4. Nxd4 Nf6 5. Nc3 a6 6. h3 e5 7. Nde2 h5 8. g3 Nbd7 9. Bg2 b5 10. Nd5 Nxd5
11. Qxd5 Qc7 12. O-O h4 13. Be3 Bb7 14. Qd2 Be7 15. g4 O-O 16. Rac1 Rac8 17. Rfd1 Rfd8 18. c4 bxc4 19. Nc3 Nf6 20. Nd5 Nxd5
21. exd5 Rf8 22. Rc3 Qd7 23. Rdc1 Qb5 24. b3 cxb3 25. Rxb3 Qd7 26. Rcb1 Rc7 27. Be4 g6 28. Bb6 Rc4 29. Qd3 Rfc8 30. Be3 R4c7
31. f4 exf4 32. Bxg6 Bg5 33. Bh7+ Kf8 34. Bf5 Qe7 35. Bd2 Re8 36. Ba5 Bc8 37. Bxc7 Qxc7 38. Bxc8 Qxc8 39. Qd4 Kg8 40. Qc3 Qxc3
41. Rxc3 Kg7 42. Kf2 Bf6 43. Rc6 Bd4+ 44. Kf3 Be5 45. Rb7 Kg6 46. Rbc7 f5 47. Rc8 Rxc8 48. Rxc8 fxg4+ 49. Kxg4 a5 50. Ra8
1-0

[Event "2015 Standard Chess Dropout Tournament, Round 4"]
[Site "SchemingMind.com"]
[Date "2015.12.09"]
[Round "4"]
[White "Selwyn"]
[Black "John Elburg"]
[Result "1-0"]
[WhiteCountry "AUS"]
[BlackCountry "NED"]
[WhiteElo "2608"]
[WhiteRD "98"]
[BlackElo "2520"]
[BlackRD "94"]
[GameID "391690"]

1. d4 Nf6 2. c4 g6 3. Nc3 Bg7 4. e4 d6 5. Nf3 O-O 6. Be2 e5 7. O-O Nc6 8. d5 Ne7 9. Ne1 Nd7 10. Nd3 f5
11. f3 f4 12. Bd2 Nf6 13. c5 g5 14. cxd6 cxd6 15. Nf2 Ng6 16. Qc2 Rf7 17. Rfc1 a6 18. a4 h5 19. h3 Bf8 20. a5 Bd7
21. Qb3 g4 22. hxg4 Nh4 23. Na4 hxg4 24. fxg4 Rg7 25. Qh3 Nh5 26. Nb6 Ng3 27. Bd1 Rh7 28. Nxa8 Qxa8 29. Ra3 Nf3+ 30. Bxf3 Rxh3
31. gxh3 Qa7 32. h4 Be7 33. g5 Qd4 34. Rc2 Kf7 35. Kg2 Bb5 36. Be1 Kg6 37. Rc7 Qxb2 38. Rac3 Bxg5 39. hxg5 Be2 40. Rc2 Bxf3+
41. Kxf3 Qb3+ 42. R7c3 Qb1 43. Rc1 Qb2 44. R3c2 Qb5 45. Bc3 Qb3 46. Rd2 Qc4 47. Rcc2 Nf1 48. Rd3 Qc8 49. Rc1 Nh2+ 50. Kg2 Ng4
51. Bxe5 Qxc1 52. Nxg4 f3+ 53. Rxf3 dxe5 54. Nf2 Kxg5 55. d6 Qd2 56. Rd3 Qxa5 57. Rd5 Qd8 58. Nd3 Kf6 59. d7 a5 60. Nc5 Kf7
61. Kf3 b5 62. Rxe5 Qh4 63. Ke3
1-0

[Event "2015 Standard Chess Dropout Tournament, Round 5"]
[Site "SchemingMind.com"]
[Date "2016.04.22"]
[Round "5"]
[White "Brian_Jones"]
[Black "kibic"]
[Result "1/2-1/2"]
[WhiteCountry "AUS"]
[BlackCountry "INT"]
[WhiteElo "2379"]
[WhiteRD "118"]
[BlackElo "2476"]
[BlackRD "99"]
[GameID "398204"]

1. d4 d5 2. c4 c6 3. Nc3 Nf6 4. Nf3 e6 5. e3 Nbd7 6. Qc2 Bd6 7. Be2 O-O 8. b3 e5 9. Bb2 e4 10. Nd2 Nb8
11. h3 Na6 12. a3 Nc7 13. b4 Bf5 14. c5 Be7 15. a4 b6 16. Nb3 Ne6 17. a5 bxc5 18. bxc5 Qc8 19. a6 Bd8 20. Na5 Bxa5
21. Rxa5 Rb8 22. Ra1=
1/2-1/2